Trouver le departement - Statistiques

Statistiques générales
  • Ce quiz a été pris 687 fois
  • Le résultat moyen est 13 sur 15
Statistiques - réponses
Departement numéro % Correct
Finistère 29
93%
Nord 59
93%
Savoie 73
89%
Ardêche 07
88%
Doubs 25
88%
Haut-Rhin 68
87%
Val-de-Marne 94
87%
Essonne 91
85%
Meurthe-et-Moselle 54
84%
Puy-de-Dôme 63
84%
Corrèze 19
83%
Drome 26
83%
Yonne 89
82%
Tarn 81
80%
Deux-Sèvres 79
75%
Aucun quiz correspondant
Distribution des résultats
% des personnes avec chaque résultat
Percentile par nombre de réponses
Votre historique - résultats
Vous n’avez pas pris ce quiz